| 000 | 00000nam##2200000za#4500 |
| 001 | 9.625669 |
| 003 | CaOODSP |
| 005 | 20200327183834 |
| 007 | ta |
| 008 | 150406|2001||||xxc||||| f|0| 0 fre|d |
| 040 | |aCaOODSP|bfre |
| 043 | |an-cn--- |
| 086 | 1 |aH113-3/2001-2F |
| 110 | 1 |aCanada.|bSanté Canada. |bAgence de réglementation de la lutte antiparasitaire. |
| 245 | 10|aDirective sur l'homologation des agents antiparasitaires microbiens et de leurs produits |
| 260 | |aOttawa - Ontario : |bSanté Canada. |cLe 30 mars 2001. |
| 300 | |a117p. ; |c28 cm. |
| 490 | 1 |aDirective d'homologation |vDIR2001-02 |
| 563 | |aCouverture souple |
| 590 | |a01-20|b2001-05-18 |
| 590 | |a01-43|b2001-10-26 |
| 691 | 07|aPesticide|2gcpds |
| 691 | 07|aFongicide|2gcpds |
| 691 | 07|aInsecticide|2gcpds |
| 691 | 07|aProduit chimique|2gcpds |
| 775 | 08|tGuidelines for the registration of microbial pest control agents and products |w(CaOODSP)9.615617 |
| 776 | 0#|tDirective sur l'homologation des agents antiparasitaires microbiens et de leurs produits |w(CaOODSP)9.602993 |
| 830 | #0|aDirective d'homologation ;|vDIR2001-02|w(CaOODSP)9.513060 |